Kroniky a kronikáři

Podrobná bibliografia
Hlavný autor: Pubal, Václav (Autor)
Médium: Kniha
Jazyk:neznámy jazyk
Fyzický popis:211 s.
Vydavateľské údaje: Praha Národní muzeum 1985

MARC

LEADER 00000nam a2200000 a 4500
001 vtls001328464
003 SK-MaSNL
005 20260301200357.0
008 240313s1985 xx 0 und
035 |a SNK000281289 
040 |a SNK  |b slo  |c SNK  |e AACR2 
100 1 |a Pubal, Václav  |4 aut  |9 579469 
245 1 |a Kroniky a kronikáři 
260 |a Praha  |b Národní muzeum  |c 1985 
300 |a 211 s. 
958 |a OND 
999 |c 890215  |d 892145 
952 |t P60, <04>, [BOOK], {604}  |a SNK  |b SNK  |y VYP  |7 0  |p 17A0136067  |o snkIC 97734 D1  |0 0  |1 1  |4 0  |d 1998-04-21  |l 0  |r 2005-01-02 00:00:00  |w 2026-02-24 
952 |a SNK  |b SNK  |y VYP  |7 0  |p 17A1347328  |o snkIC 97734  |i snkKIP 4395/85  |8 0  |0 0  |1 0  |4 0  |d 2020-03-06  |l 0  |r 2026-02-24 06:42:12  |w 2026-02-24